Delitos en materia de estupefacientes y psicotrópicos (Record no. 121873)

MARC details
000 -LEADER
fixed length control field 00565nam a22001817a 4500
005 - DATE AND TIME OF LATEST TRANSACTION
control field 20191022100439.0
008 - FIXED-LENGTH DATA ELEMENTS--GENERAL INFORMATION
fixed length control field 161117b1977 mx ||||| |||| 00| 0 spa d
020 ## - INTERNATIONAL STANDARD BOOK NUMBER
International Standard Book Number 9682405335
050 04 - LIBRARY OF CONGRESS CALL NUMBER
Classification number KGF5703
Item number G37 1977
100 1# - MAIN ENTRY--PERSONAL NAME
Personal name García Ramírez, Sergio,
245 10 - TITLE STATEMENT
Title Delitos en materia de estupefacientes y psicotrópicos
Statement of responsibility, etc / Sergio García Ramírez.
250 ## - EDITION STATEMENT
Edition statement 3a ed.
Remainder of edition statement Primera de editorial Trillas
260 ## - PUBLICATION, DISTRIBUTION, ETC. (IMPRINT)
Place of publication, distribution, etc México :
Name of publisher, distributor, etc Trillas,
Date of publication, distribution, etc 1977
300 ## - PHYSICAL DESCRIPTION
Extent 303 p. ;
Dimensions 23 cm.
650 #7 - SUBJECT ADDED ENTRY--TOPICAL TERM
Source of heading or term lemb
Topical term or geographic name as entry element Delitos
Geographic subdivision México
650 #7 - SUBJECT ADDED ENTRY--TOPICAL TERM
Source of heading or term lemb
Topical term or geographic name as entry element Drogas
Geographic subdivision México
942 ## - ADDED ENTRY ELEMENTS (KOHA)
Source of classification or shelving scheme Biblioteca del Cogreso de los Estados Unidos
Koha item type Libro
Holdings
Estado de pérdida Fuente de clasificación Estado del daño No para préstamo Ubicación permanente Ubicación actual Apartado o colección Fecha de adquisición Edición Enumeración de Serie / Cronológica Dependencia de educación superior (DES) Área del conocimiento Clasificación Código de Barras Date last seen Número de copia Costo por reposición Tipo de recurso Fuente de adquisición
  Biblioteca del Cogreso de los Estados Unidos     Biblioteca de la Facultad de Derecho y Ciencias Sociales "Felipe J. Tena" Biblioteca de la Facultad de Derecho y Ciencias Sociales "Felipe J. Tena" General 17/11/2016 3a ed. BFD000008104 Derecho Ciencias Sociales y Administrativas KGF5703 G37 r1980 BFD000008104 17/11/2016 1 1.00 Libro  
  Biblioteca del Cogreso de los Estados Unidos     Biblioteca de la Facultad de Derecho y Ciencias Sociales "Felipe J. Tena" Biblioteca de la Facultad de Derecho y Ciencias Sociales "Felipe J. Tena" General 17/11/2016 3a ed. BFD000008105 Derecho Ciencias Sociales y Administrativas KGF5703 G37 r1980 BFD000008105 17/11/2016 2 1.00 Libro  
  Biblioteca del Cogreso de los Estados Unidos     Biblioteca de la Unidad Profesional del Balsas Biblioteca de la Unidad Profesional del Balsas General 22/10/2019 3a ed.     Ciencias Sociales y Administrativas KGF5703 G37 1977 BUPB000000431 22/10/2019 1 1.00 Libro Donación